True Crime Quiz - Statistics

General Stats
  • This quiz has been taken 283 times
  • The average score is 6 of 15
Answer Stats
Question Answer % Correct
Name one of four main execution methods in prisons. Electric Chair / Lethal Injection / Hanging / Firing Squad
83%
What kind of drug trade did Pablo Escobar dominate? Cocaine
80%
What famous NFL player was trialed for the death of Nicole Brown Simpson and Ron Goldman in 1994? O.J. Simpson
72%
Who's The Night Stalker? Richard Ramirez
57%
What state did Jeffrey Dahmer live in? Wisconsin
52%
Saddam Hussein was president of Iraq from 1979 to... 2003
48%
In The BTK Killer (Dennis Rader), what does BTK stand for? Bind, Torture, and Kill
44%
What Beatles song was used for Charles Manson's apocalyptic scenario? Helter Skelter
38%
What was John Wayne Gacy's clown name? Pogo The Clown / Patches The Clown
35%
Who was the Unabomber? Ted Kaczynski
34%
Ed Gein was the inspiration for what famous horror movie? Texas Chainsaw Massacre
33%
What is the name of the Ted Bundy movie starring Zac Efron? Extremely Wicked, Shockingly Evil and Vile
18%
Harold Shipman used massive doses of _____ to kill his patients Heroin / Diamorphine
14%
What was one of Jack The Ripper's nicknames? Whitechapel Murder / Leather Apron
12%
What was Al Capone's crime family/syndicate called? Chicago Outfit / South Side Gang
9%
No matching quizzes found
Score Distribution
Percent of People with Each Score
Percentile by Number Answered
Your Score History
You have not taken this quiz